| 000 -CABECERA |
| Longitud fija campo de control |
00739nam a22002057a 4500 |
| 003 - IDENTIFICADOR DEL NÚMERO DE CONTROL |
| Identificador del número de control |
OSt |
| 005 - FECHA Y HORA DE LA ÚLTIMA TRANSACCIÓN |
| Fecha y hora de la última transacción |
20130417112401.0 |
| 008 - CÓDIGOS DE INFORMACIÓN DE LONGITUD FIJA |
| Códigos de información de longitud fija |
130417s2010 sp ||||| |||| 00| 0 eng d |
| 020 ## - NÚMERO INTERNACIONAL NORMALIZADO PARA LIBROS |
| Número Internacional Normalizado para Libros (ISBN) |
9788439383468 |
| 040 ## - FUENTE DE LA CATALOGACIÓN |
| Centro transcriptor |
CDMR |
| 245 04 - MENCIÓN DE TÍTULO |
| Título |
The ethical values of journalism |
| Resto del título |
: field research among media professionals in Catalonia |
| Mención de responsabilidad, etc. |
Salvador Alsius (editor) ; Fabiola Alcalà ... [et al.] |
| 260 ## - PUBLICACIÓN, DISTRIBUCIÓN, ETC. (PIE DE IMPRENTA) |
| Lugar de publicación, distribución, etc. |
[Barcelona] |
| Nombre del editor, distribuidor, etc. |
Generalitat de Catalunya. Goverment of Catalonia |
| Fecha de publicación, distribución, etc. |
DL 2011 |
| 300 ## - DESCRIPCIÓN FÍSICA |
| Extensión |
265 p. |
| 490 0# - MENCIÓN DE SERIE |
| Mención de serie |
Lexikon |
| Designación de volumen o secuencia |
6 |
| 650 04 - PUNTO DE ACCESO ADICIONAL DE MATERIA - TÉRMINO DE MATERIA |
| 9 (RLIN) |
983 |
| Término de materia o nombre geográfico como elemento inicial |
Ètica periodística |
| Subdivisión geográfica |
Catalunya |
| 700 1# - PUNTO DE ACCESO ADICIONAL - NOMBRE DE PERSONA |
| 9 (RLIN) |
340 |
| Nombre de persona |
Alsius, Salvador |
| 700 1# - PUNTO DE ACCESO ADICIONAL - NOMBRE DE PERSONA |
| 9 (RLIN) |
3209 |
| Nombre de persona |
Alcalà, Fabiola |
| 710 2# - PUNTO DE ACCESO ADICIONAL - NOMBRE DE ENTIDAD |
| 9 (RLIN) |
3210 |
| Nombre de entidad o nombre de jurisdicción como elemento inicial |
Universitat Pompeu Fabra |
| Unidad subordinada |
-- Grup de Recerca en Periodisme |
| 942 ## - ENTRADA DE ELEMENTOS AGREGADOS (KOHA) |
| Fuente de clasificaión o esquema |
|
| Koha [por defecto] tipo de item |
Monografies |